| 000 | 00867nam a2200217 a 4500 | ||
|---|---|---|---|
| 003 | 0 | ||
| 005 | 20250325085148.0 | ||
| 008 | 060728s19uu xx 00 eng d | ||
| 050 |
_aPGS HF 5382.7.E64 _b.An531 2006 |
||
| 100 | _aAn, Thae Hoon. | ||
| 245 |
_aPerception of selected job seekers on the effects of English proficiency on job hunting / _cThae Hoon An. |
||
| 260 |
_aLas PiƱas City, Philippines : _bSouthville International School and Colleges, _c2006. |
||
| 300 |
_a26 pages : _billustrations ; _c28 cm. |
||
| 504 | _aIncludes bibliographical references. | ||
| 650 |
_aJob hunting _vLanguage proficiency. |
||
| 650 |
_aEnglish language _vEconomic aspects. |
||
| 650 |
_aEmployment interviewing _vEnglish language skills. |
||
| 650 |
_aJob seekers _vLanguage ability. |
||
| 650 |
_aLabor market _vEnglish proficiency impact. |
||
| 942 |
_2lcc _cPASS |
||
| 999 |
_c97451 _d97451 |
||